| 000 | 00694nam a2200229 i 4500 | ||
|---|---|---|---|
| 001 | 15404 | ||
| 003 | ES-MaACL | ||
| 005 | 20240603125731.0 | ||
| 007 | t| | ||
| 008 | 000302s1999 sp |||| | spa d | ||
| 020 | _a84-8211-204-X | ||
| 080 | _a32(081)Bark, Ernesto | ||
| 100 | 1 |
_aBark, Ernesto. _925673 |
|
| 245 | 1 | 3 |
_aLa santa bohemia y otros artÃculos / _cErnesto Bark ; prólogo de Gonzalo Santonja. |
| 260 |
_aMadrid : _bCeleste, _c[1999] |
||
| 300 |
_a167 p. ; _c24 cm. |
||
| 490 | 1 |
_aBiblioteca de la bohemia ; _v3 |
|
| 700 | 1 |
_aSantonja, Gonzalo, _d1952- _9103451 |
|
| 830 | 0 |
_aBiblioteca de la bohemia ; _v3 _9179766 |
|
| 852 |
_aES-MaACL _jL-22493 |
||
| 999 |
_c15404 _d15404 |
||